Czakó POSZTulása Fried Istvánnak

Bibliographic Details
Main Author: Kocur, László, 1977- (Author)
Other Authors: Luzsicza, Árpád 1949- (Illustrator)
Format: Article
Language:Slovak
Hungarian
PhysicalDescription:Obr.
ISSN:1335-1826
Subjects:

MARC

LEADER 00000nab a2200000 a 4500
001 vtls000707713
003 SK-MaSNL
005 20260304113527.0
008 250429c1999 xo 0 slo
015 |a SNBRB1999/10-13311 
035 |a CLN000059880 
035 |a urn:nbn:sk:snk-abjao 
035 |a (urnnbn)urn:nbn:sk:snk:ar-003emd 
035 |a (uuid)99f4214d-bc80-4031-a43d-08dc6fbcfaa0 
040 |a SNKBUCL  |b slo  |c SNKBUCL  |e AACR2 
041 0 |a hun 
044 |a xo  |c SK 
080 |a 82.033:894.511 (437.6)-3  |2 1997 
080 |a 894.511 (437.6)-3.033  |2 1997 
100 1 |a Kocur, László,  |d 1977-  |4 aut  |9 111402 
245 1 0 |a Czakó POSZTulása  |b Fried Istvánnak  |c Kocur László ; illusztrálta Luzsicza Árpád 
300 |b Obr. 
504 |a Bibliogr. odkazy 
600 1 7 |a Czakó, József,  |d 1964-  |2 snkbucl  |9 113737 
650 0 7 |a prozaická tvorba  |2 SNKPH  |9 457895 
655 7 |a interpretácie  |2 snkbucl  |9 424030 
655 7 |a články z novín a časopisov  |2 snkbucl  |9 267496 
700 1 |a Luzsicza, Árpád  |d 1949-  |4 ill  |9 850024 
773 0 |t Kalligram  |g Č. 10 (1999), s. 16-26  |x 1335-1826 
850 |a Slovenská národná knižnica 
852 |a Slovenská národná knižnica 
958 |a article27 
958 |a OND 
958 |a HU 
958 |a SK 
958 |a LX 
958 |a NB 
992 |a RBX 
999 |c 2869813  |d 2871743